Stacje i przystanki SKM S3 - Statystyki

Ogólne statystyki
  • Ten quiz został rozwiązany 62 razy
  • Średni wynik to 19 z 24
Statystyki odpowiedzi
Liczba peronów Gmina/dzielnica Stacja/przystanek % Poprawnych
2 Legionowo Legionowo
98%
1 Radzymin Radzymin
94%
1 Wieliszew Wieliszew
92%
1 Nieporęt Nieporęt
90%
3 Śródmieście Gdańska
88%
8 Wola Zachodnia
88%
1 Białołęka Żerań
88%
1 Praga Płn. Praga
87%
1 Praga Płn. ZOO`
87%
2 Białołęka Płudy
85%
2 Białołęka Choszczówka
83%
1 Białołęka Toruńska
83%
2 Wola Powązki
81%
1 Wola Wola
81%
1 Legionowo Legionowo Piaski
79%
1 Włochy Lotnisko Chopina
79%
2 Wola Koło
77%
2 Wola Młynów
75%
2 Ochota Aleje Jerozolimskie
73%
2 Ochota Żwirki i Wigury
71%
1 Włochy Służewiec
69%
2 Ochota Rakowiec
62%
1 Wieliszew Michałów - Reginów
58%
1 Nieporęt Dąbkowizna
44%
Nie znaleziono quizów pasujących do podanych kryteriów
Rozkład punktacji
Procent ludzi z każdym wynikiem
Percentyl według liczby udzielonych odpowiedzi
Twoja historia wyników
Nie rozwiązałeś tego quizu